000 00739cab a2200229 4500
001 WB3217-09
008 090401t1996 xxu||||| |||| 00| 0 eng d
035 _a(Sirsi) u6663
041 _aeng
245 _aFears of Labour block on PFI
260 _c1996
350 _a0
490 _aContract Journal
_v2 May 1996, 1(1)
520 _aLabour`s City spokesman has implied that a Labour Government would not let further DBFO schemes until a new transport policy was in place, and that clinical services would not be included in PFI projects.
650 _aDBFO
650 _aLABOUR PARTY
650 _aPFI
650 _aTRANSPORT POLICY
690 _aPROPERTY-PROPERTY FINANCE AND INVESTMENT
942 _n0
948 _c04/03/1997
999 _c3973
_d3973